000 00707nam a2200277Ia 4500
003 OSt
005 20221006144333.0
006 a|||||r|||| 00| 0
007 ta
008 221006b |||||||| |||| 00| 0 eng d
020 _c100.00
024 _a11,441
037 _cTextual
040 _aEASL
_cEASL
_beng
041 _2eng
_aeng
082 _aU8.4497.N7, L3
100 _aTUCCI Giuseppe
245 0 _aTranshimalaya
260 _aDelhi
_bVikas Pub. India
_c1973
300 _a239p.
_ccm.
490 _v Gen
650 _aGen
700 _a HOGARTH James Tr.
_9406646
942 _hU8.4497.N7, L3
_cTEXL
_2CC
999 _c1079527
_d1079527